Central Library OPAC University of Rajshahi

Jonathan Wild : (Record no. 22326)

MARC details
000 -LEADER
fixed length control field 00865cam a22002651i 4500
001 - CONTROL NUMBER
control field 22326
003 - CONTROL NUMBER IDENTIFIER
rucl marc code BD-RjUL
005 - DATE AND TIME OF LATEST TRANSACTION
control field 20211209000807.0
008 - FIXED-LENGTH DATA ELEMENTS--GENERAL INFORMATION
fixed length control field 140308r19521932nyu 000 1 eng
035 ## - SYSTEM CONTROL NUMBER
System control number (BD-RjUL)22391
System control number (OCoLC)6659461
040 ## - CATALOGING SOURCE
Original cataloging agency DLC
Transcribing agency TxF
Modifying agency OrOnT
-- BD-RjUL
-- DLC
Language of cataloging eng
041 ## - LANGUAGE CODE
Language code of text/sound track or separate title eng
082 04 - DEWEY DECIMAL CLASSIFICATION NUMBER
Classification number 823
Author mark and year FIJ 1952
100 1# - MAIN ENTRY--PERSONAL NAME
Personal name Fielding, Henry,
Dates associated with a name 1707-1754.
9 (RLIN) 68945
245 10 - TITLE STATEMENT
Title Jonathan Wild :
Remainder of title The voyage to Lisbon /
Statement of responsibility, etc. by Henry Fielding.
260 ## - PUBLICATION, DISTRIBUTION, ETC. (IMPRINT)
Place of publication, distribution, etc. London ;
Name of publisher, distributor, etc. J.M Dent ;
Place of publication, distribution, etc. New York :
Name of publisher, distributor, etc. E.P. Dutton,
Date of publication, distribution, etc. 1932 [reprinted 1952].
300 ## - PHYSICAL DESCRIPTION
Pagination xvi, 286 p. ;
Size 18 cm.
490 0# - SERIES STATEMENT
Series statement Everyman's library. Edited by Ernest Rhys. Fiction ;
Volume/sequential designation no. 877
650 1# - SUBJECT ADDED ENTRY--TOPICAL TERM
Topical term or geographic name as entry element Wild, Jonathan, -- 1682?-1725 -- Fiction.
9 (RLIN) 68946
942 ## - ADDED ENTRY ELEMENTS (KOHA)
Source of classification or shelving scheme Dewey Decimal Classification
Koha item type Books
Holdings
Lost status Source of classification or shelving scheme Damaged status Not for loan Collection code Permanent Location Current Location Shelving location Date acquired Source of acquisition Cost, normal purchase price Total Checkouts Full call number Date last seen Copy number Koha item type
  Dewey Decimal Classification   Added to bundle Fiction Central Library, University of Rajshahi Central Library, University of Rajshahi Reading Room 17/09/1955 B.H.Black well 55.00   823 FIJ 1952 08/03/2014 C-1 Books